<?xml version="1.0" encoding="UTF-8"?>
<collection xmlns="http://www.loc.gov/MARC21/slim">
  <record>
    <leader>00000nam  2200000   4500</leader>
    <controlfield tag="001">INLIS000000000006559</controlfield>
    <datafield tag="990" ind1="#" ind2="#">
      <subfield code="a">361/SM-21</subfield>
    </datafield>
    <controlfield tag="005">20240619042208</controlfield>
    <datafield tag="035" ind1="#" ind2="#">
      <subfield code="a">0010-0622000420</subfield>
    </datafield>
    <datafield tag="245" ind1="1" ind2="#">
      <subfield code="a">Golden Bird /</subfield>
      <subfield code="c">Luna Torashyngu</subfield>
    </datafield>
    <datafield tag="100" ind1="1" ind2="#">
      <subfield code="a">TORASYNGU, Luna</subfield>
    </datafield>
    <datafield tag="250" ind1="#" ind2="#">
      <subfield code="a">Cetakan Keempat Desember</subfield>
    </datafield>
    <datafield tag="300" ind1="#" ind2="#">
      <subfield code="a">280 halaman :</subfield>
      <subfield code="b">Gambar ;</subfield>
      <subfield code="c">13.5x20 cm</subfield>
      <subfield code="e">lampiran</subfield>
    </datafield>
    <datafield tag="260" ind1="#" ind2="#">
      <subfield code="a">Jakarta :</subfield>
      <subfield code="b">Gramedia Pustaka Utama,</subfield>
      <subfield code="c">2016</subfield>
    </datafield>
    <datafield tag="020" ind1="#" ind2="#">
      <subfield code="a">978-602-03-3619-0</subfield>
    </datafield>
    <controlfield tag="008">240619################d##########0#ind##</controlfield>
    <datafield tag="520" ind1="#" ind2="#">
      <subfield code="a">Muri bersekolah di SMA Veritas, salah satu sekolah swasta favorit di Jakarta, yang siswanya kebanyakan anak-anak pejabat dan pengusaha. Di sekolah barunya ini Muri lebih mementingkan pelajaran daripada kegiatan ekstrakurikuler. Walau begitu, Muri tetap populer. Dia langsung masuk daftar “Most Favourite Girl”. Nggak cuma itu. Predikat mantan kapten cheers yang pernah membawa timnya juara membuat Muri didekati Rahma, kapten cheers SMA Veritas. Rahma berharap Muri bisa masuk sebagai anggota D’Vice––nama ngetop grup cheers SMA Veritas––dan membantu tim cheers itu mempertahankan gelar juara Cheerleaders se-Jakarta. Padahal Muri udah kelas dua belas dan sebentar lagi mau ujian. Di sisi lain, identitas Muri sebagai hacker rupanya mulai terendus pihak berwajib di Indonesia. Dengan mengantongi identitas Muri, Indra yang merupakan salah seorang agen intelijen memaksa Muri untuk menerobos sistem komputer bank Rusia yang keamanannya hampir mustahil ditembus. Tujuannya untuk mendapatkan kembali rahasia negara yang telah tersimpan selama lebih dari 40 tahun di bank tersebut! Muri harus melakukannya di bawah risiko ditangkap polisi yang sudah mengetahui identitasnya sebagai hacker.</subfield>
    </datafield>
    <datafield tag="856" ind1="#" ind2="#">
      <subfield code="a">OPAC (Rak Tandon - Rak 17)</subfield>
    </datafield>
    <datafield tag="082" ind1="#" ind2="#">
      <subfield code="a">899.2213</subfield>
    </datafield>
    <datafield tag="084" ind1="#" ind2="#">
      <subfield code="a">899.2213 TOR g</subfield>
    </datafield>
    <datafield tag="650" ind1="#" ind2="4">
      <subfield code="a">Fiksi Indonesia</subfield>
    </datafield>
    <datafield tag="650" ind1="#" ind2="4">
      <subfield code="a">Sumbangan Mahasiswa 2021</subfield>
    </datafield>
  </record>
</collection>
